[Event "49th POL-ch"]
[Site "Czestochowa POL"]
[Date "1992.03.??"]
[Round "8"]
[White "Matlak, Marek"]
[Black "Przewoznik, Jan"]
[Result "1/2-1/2"]
[WhiteElo "2440"]
[BlackElo "2415"]
[EventDate "1992.03.05"]
[PlyCount "56"]

1.d4 Nf6 2.Nf3 d5 3.c4 e6 4.Nc3 Be7 5.Bg5 h6 6.Bh4 O-O 7.e3 Ne4 8.Bxe7 
Qxe7 9.Qc2 Nxc3 10.Qxc3 c6 11.Be2 Nd7 12.O-O dxc4 13.Bxc4 b6 14.Be2 Bb7 
15.Rfd1 Rfd8 16.Rac1 Rac8 17.b4 c5 18.bxc5 bxc5 19.Qa3 Rc7 20.dxc5 Rdc8 
21.Nd4 Rxc5 22.Rxc5 Qxc5 23.Qxc5 Nxc5 24.Rc1 Na4 25.Rxc8+ Bxc8 26.Nc6 Bd7 
27.Nxa7 Nc3 28.Bf3 Nxa2 1/2-1/2

[Event "49th POL-ch"]
[Site "Czestochowa POL"]
[Date "1992.03.??"]
[Round "9"]
[White "Jasnikowski, Zbigniew"]
[Black "Matlak, Marek"]
[Result "1/2-1/2"]
[WhiteElo "2450"]
[BlackElo "2440"]
[EventDate "1992.03.05"]
[PlyCount "47"]

1.d4 d5 2.c4 e6 3.Nc3 c6 4.Nf3 Nf6 5.Bg5 Nbd7 6.e3 Qa5 7.Qc2 Ne4 8.cxd5 
exd5 9.Bd3 Ndf6 10.O-O Nxg5 11.Nxg5 Qd8 12.Rae1 h6 13.Nf3 Bd6 14.Ne5 O-O 
15.f4 c5 16.Qf2 a6 17.Bb1 b6 18.Qf3 Bb7 19.g4 Qe7 20.h4 Ne4 21.g5 Nd2 22.
Qg2 Nxf1 23.gxh6 Bxe5 24.fxe5 1/2-1/2

[Event "49th POL-ch"]
[Site "Czestochowa POL"]
[Date "1992.03.??"]
[Round "9"]
[White "Panczyk, Krzysztof"]
[Black "Macieja, Bartlomiej"]
[Result "1-0"]
[WhiteElo "2425"]
[BlackElo "2300"]
[EventDate "1992.03.05"]
[PlyCount "69"]

1.d4 Nf6 2.c4 e6 3.Nc3 Bb4 4.e3 c5 5.Ne2 cxd4 6.exd4 d5 7.a3 Be7 8.Nf4 Nc6
9.cxd5 Nxd5 10.Ncxd5 exd5 11.Be2 Bf6 12.Be3 O-O 13.O-O Bf5 14.Rc1 Re8 15.
Bb5 Qd6 16.Qa4 Rec8 17.Rc5 Ne7 18.Nh5 a6 19.Be2 Rxc5 20.dxc5 Qe5 21.Qb4 
Qc7 22.Nxf6+ gxf6 23.Qh4 Qc6 24.Bd4 Kg7 25.g4 Ng6 26.Qg3 Bd7 27.g5 h6 28.
gxf6+ Kh7 29.Bd3 Rg8 30.Kh1 Qa4 31.b4 Bb5 32.Rg1 Bxd3 33.Qxd3 Qd7 34.h4 
Kh8 35.h5 1-0

[Event "49th POL-ch"]
[Site "Czestochowa POL"]
[Date "1992.03.??"]
[Round "9"]
[White "Pedzich, Dominik"]
[Black "Sznapik, Aleksander"]
[Result "1-0"]
[WhiteElo "2385"]
[BlackElo "2460"]
[EventDate "1992.03.05"]
[PlyCount "83"]

1.e4 d6 2.d4 Nf6 3.Nc3 g6 4.Nf3 Bg7 5.Be2 O-O 6.O-O c6 7.Be3 b5 8.a3 Nbd7 
9.h3 Bb7 10.Re1 Qc7 11.Bf1 e5 12.Qd2 a5 13.Bg5 Rfe8 14.dxe5 dxe5 15.Nh2 
Nc5 16.Ng4 Nxg4 17.hxg4 Ne6 18.a4 f6 19.Be3 b4 20.Nd1 c5 21.f3 c4 22.Qf2 
Bf8 23.b3 Ba6 24.Nb2 c3 25.Nc4 Nd4 26.g5 fxg5 27.Bxg5 Bc5 28.Be3 Rad8 29.
Rad1 Bc8 30.Kh1 Be6 31.f4 Bxc4 32.Bxc4+ Kh8 33.f5 gxf5 34.exf5 Rf8 35.f6 
Qb6 36.Rf1 Rd6 37.Qg3 Rdxf6 38.Qxe5 Nxb3 39.Bg5 Bd4 40.Rxd4 Qxd4 41.Bxf6+ 
Rxf6 42.Qxf6+ 1-0

[Event "49th POL-ch"]
[Site "Czestochowa POL"]
[Date "1992.03.??"]
[Round "9"]
[White "Przewoznik, Jan"]
[Black "Schmidt, Wlodzimierz"]
[Result "1/2-1/2"]
[WhiteElo "2415"]
[BlackElo "2465"]
[EventDate "1992.03.05"]
[PlyCount "30"]

1.e4 e6 2.d4 d5 3.Nc3 Bb4 4.exd5 exd5 5.Bd3 Ne7 6.Qf3 c5 7.Bb5+ Nbc6 8.Ne2
cxd4 9.Nxd4 O-O 10.Nxc6 Nxc6 11.O-O Nd4 12.Qd3 Bxc3 13.bxc3 Nxb5 14.Qxb5 
Qd7 15.Qd3 Qf5 1/2-1/2

[Event "49th POL-ch"]
[Site "Czestochowa POL"]
[Date "1992.03.??"]
[Round "9"]
[White "Urban, Klaudiusz"]
[Black "Kuczynski, Robert"]
[Result "1/2-1/2"]
[WhiteElo "2465"]
[BlackElo "2500"]
[EventDate "1992.03.05"]
[PlyCount "28"]

1.d4 d5 2.Nf3 c6 3.c4 Nf6 4.Nc3 e6 5.Bg5 h6 6.Bh4 dxc4 7.e4 Be7 8.e5 Nd5 
9.Bxe7 Qxe7 10.Bxc4 Qb4 11.Bxd5 exd5 12.O-O Bg4 13.Qd3 Bxf3 14.gxf3 O-O 
1/2-1/2

[Event "49th POL-ch"]
[Site "Czestochowa POL"]
[Date "1992.03.??"]
[Round "10"]
[White "Maciejewski, Andrzej"]
[Black "Urban, Klaudiusz"]
[Result "0-1"]
[WhiteElo "2350"]
[BlackElo "2465"]
[EventDate "1992.03.05"]
[PlyCount "88"]

1.g3 f5 2.Bg2 Nf6 3.Nf3 g6 4.d4 Bg7 5.c4 O-O 6.Nc3 d6 7.O-O Nc6 8.b3 e5 9.
dxe5 dxe5 10.Ba3 Re8 11.Qc2 e4 12.Rad1 Nd7 13.Ne1 Nd4 14.Qc1 c6 15.e3 Ne6 
16.Ne2 Qa5 17.Nc2 Ne5 18.Qb1 Ng5 19.Ned4 Bd7 20.h4 Ngf7 21.b4 Qd8 22.Qb3 
Qf6 23.c5 Kh8 24.Bb2 g5 25.hxg5 Nxg5 26.Rd2 Re7 27.Rfd1 Be8 28.Ne1 Bf7 29.
Qc2 Nc4 30.Bc3 Nxd2 31.Rxd2 Qg6 32.Qb2 Bd5 33.Nec2 Nf3+ 34.Nxf3 exf3 35.
Bh3 Qh5 36.Bf1 Rg8 37.b5 Re6 38.Rd4 Rh6 39.Rh4 Qxh4 40.Bxg7+ Rxg7 41.Qxg7+
Kxg7 42.gxh4 Rxh4 43.bxc6 bxc6 44.Nd4 Kf6 0-1

[Event "49th POL-ch"]
[Site "Czestochowa POL"]
[Date "1992.03.??"]
[Round "10"]
[White "Matlak, Marek"]
[Black "Pedzich, Dominik"]
[Result "1/2-1/2"]
[WhiteElo "2440"]
[BlackElo "2385"]
[EventDate "1992.03.05"]
[PlyCount "83"]

1.d4 Nf6 2.Nf3 g6 3.c4 Bg7 4.g3 c6 5.Bg2 d5 6.Qb3 a5 7.cxd5 a4 8.Qd1 cxd5 
9.Nc3 a3 10.O-O Nc6 11.e3 O-O 12.bxa3 Bg4 13.h3 Bxf3 14.Bxf3 e5 15.dxe5 
Nxe5 16.Bg2 Qa5 17.Bd2 Qxa3 18.Rb1 Rfd8 19.Rxb7 Qa6 20.Qb1 Ne4 21.Rd1 Nxd2
22.Rxd2 Nc4 23.Rxd5 Bxc3 24.Qb3 Be1 25.Qd1 Nd6 26.Rb2 Bc3 27.Rb3 Rac8 28.
Bf1 Qxa2 29.Rxc3 Rxc3 30.Rxd6 Rxd6 31.Qxd6 Rc8 32.Qd7 Rb8 33.Qc7 Qb1 34.h4
Ra8 35.h5 gxh5 36.Qf4 Qg6 37.Be2 Ra1+ 38.Kg2 Kg7 39.Qe5+ Qf6 40.Qxh5 Ra4 
41.Qd5 Rb4 42.Bd3 1/2-1/2

[Event "49th POL-ch"]
[Site "Czestochowa POL"]
[Date "1992.03.??"]
[Round "10"]
[White "Sznapik, Aleksander"]
[Black "Panczyk, Krzysztof"]
[Result "1/2-1/2"]
[WhiteElo "2460"]
[BlackElo "2425"]
[EventDate "1992.03.05"]
[PlyCount "25"]

1.e4 e5 2.Nf3 Nc6 3.Bb5 a6 4.Ba4 Nf6 5.O-O Be7 6.Re1 b5 7.Bb3 d6 8.h3 O-O 
9.c3 Bb7 10.d4 Re8 11.Ng5 Rf8 12.Nf3 Re8 13.Ng5 1/2-1/2

[Event "49th POL-ch"]
[Site "Czestochowa POL"]
[Date "1992.03.??"]
[Round "11"]
[White "Kuczynski, Robert"]
[Black "Maciejewski, Andrzej"]
[Result "0-1"]
[WhiteElo "2500"]
[BlackElo "2350"]
[EventDate "1992.03.05"]
[PlyCount "116"]

1.e4 g6 2.d4 c6 3.Nf3 Bg7 4.Be2 d6 5.O-O Nf6 6.Nc3 O-O 7.Bf4 Nbd7 8.Qd2 b5
9.e5 dxe5 10.dxe5 Nh5 11.Bh6 Nxe5 12.Qxd8 Rxd8 13.Bxg7 Nxf3+ 14.Bxf3 Kxg7 
15.Bxc6 Rb8 16.Bxb5 Bf5 17.Rfe1 Rdc8 18.Rxe7 Rxc3 19.bxc3 Rxb5 20.Rxa7 Nf4
21.Ra4 g5 22.Rb4 Ra5 23.a4 Ne2+ 24.Kf1 Nxc3 25.Rc4 Nd5 26.Rb1 Bd7 27.Rd4 
Bxa4 28.c4 Bc2 29.Rb7 Nf4 30.f3 Bd3+ 31.Ke1 Ra2 32.Re7 Rxg2 33.h4 h6 34.
hxg5 hxg5 35.Re3 Bf5 36.Kd1 Ra2 37.Rd6 Ne6 38.Rd5 Bc2+ 39.Kc1 Bg6 40.Rd2 
Ra4 41.Rc3 Nc5 42.Rd8 Ra5 43.Re3 Kf6 44.Kb2 Bf5 45.Rd6+ Be6 46.Rc6 Nd7 47.
Rc3 Rf5 48.c5 Ke7 49.Rc7 Kd8 50.Ra7 Ne5 51.c6 Nc4+ 52.Kc2 Rc5 53.c7+ Rxc7 
54.Rxc7 Kxc7 55.Kd3 Kd6 56.Kd4 Ne5 57.Ra3 Bd5 58.Ra6+ Bc6 0-1

[Event "49th POL-ch"]
[Site "Czestochowa POL"]
[Date "1992.03.??"]
[Round "11"]
[White "Panczyk, Krzysztof"]
[Black "Matlak, Marek"]
[Result "0-1"]
[WhiteElo "2425"]
[BlackElo "2440"]
[EventDate "1992.03.05"]
[PlyCount "100"]

1.d4 d5 2.c4 e6 3.Nf3 c6 4.e3 f5 5.Ne5 Nf6 6.Bd3 Nbd7 7.f4 Be7 8.O-O O-O 
9.Nc3 Ne4 10.g4 g6 11.gxf5 gxf5 12.cxd5 cxd5 13.Kh1 Kh8 14.Bd2 Nxe5 15.
fxe5 Nxc3 16.bxc3 Bd7 17.Rg1 Qe8 18.Rb1 Bc6 19.Qf3 Qf7 20.Be1 Rg8 21.Bg3 
Rg7 22.Qf2 Qh5 23.Be2 Qh3 24.Bf1 Qh6 25.Bf4 Rxg1+ 26.Qxg1 Qh5 27.Qf2 Rg8 
28.Be2 Qg6 29.Bf3 Bd8 30.Qe2 Bh4 31.Bh5 Qg7 32.Qf3 Ba4 33.Qe2 Bb5 34.Bh6 
Qg6 35.Qf3 Bd3 36.Bxg6 Bxb1 37.Bf7 Be4 38.Qxe4 fxe4 39.Bf4 Bf2 40.h3 Rg6 
41.Bxg6 hxg6 42.Kg2 Be1 43.Kf1 Bxc3 44.Ke2 Kg7 45.Kd1 Bb4 46.Kc2 Be7 47.
Kb3 a6 48.Bg3 Kh6 49.Ka4 b6 50.Kb3 Kh5 0-1

[Event "49th POL-ch"]
[Site "Czestochowa POL"]
[Date "1992.03.??"]
[Round "11"]
[White "Pedzich, Dominik"]
[Black "Schmidt, Wlodzimierz"]
[Result "1/2-1/2"]
[WhiteElo "2385"]
[BlackElo "2465"]
[EventDate "1992.03.05"]
[PlyCount "36"]

1.e4 e6 2.d4 d5 3.Nc3 Bb4 4.e5 c5 5.a3 Bxc3+ 6.bxc3 Ne7 7.Qg4 Qc7 8.Bd3 
cxd4 9.Ne2 dxc3 10.Qxg7 Rg8 11.Qh6 Nbc6 12.Bg5 Qxe5 13.Bf6 Qd6 14.Nxc3 Ne5
15.O-O Nxd3 16.cxd3 Rg6 17.Qxh7 Qf4 18.Qh8+ Rg8 1/2-1/2

[Event "49th POL-ch"]
[Site "Czestochowa POL"]
[Date "1992.03.??"]
[Round "12"]
[White "Czerwonski, Aleksander"]
[Black "Jasnikowski, Zbigniew"]
[Result "0-1"]
[WhiteElo "2370"]
[BlackElo "2450"]
[EventDate "1992.03.05"]
[PlyCount "78"]

1.c4 e5 2.Nc3 Nc6 3.Nf3 f5 4.d4 e4 5.Nd2 Nf6 6.e3 Bb4 7.Be2 Bxc3 8.bxc3 d6
9.Rb1 O-O 10.O-O b6 11.c5 dxc5 12.Ba3 Re8 13.Bb5 Bd7 14.Qb3+ Kh8 15.Nc4 
cxd4 16.cxd4 a6 17.Bxc6 Bxc6 18.Ne5 Bd5 19.Qb2 Kg8 20.Rfc1 Re6 21.Rc2 Rc8 
22.Rbc1 c6 23.h3 b5 24.Kf1 Nd7 25.Nxd7 Qxd7 26.Qb4 Rce8 27.Qa5 f4 28.exf4 
e3 29.fxe3 Rxe3 30.Qb4 Rxh3 31.Kg1 Rhe3 32.Rf2 Qf5 33.Rcf1 h5 34.Bc1 R3e6 
35.Qc3 Bc4 36.d5 cxd5 37.Bb2 Qg4 38.Rf3 Bxf1 39.Rg3 d4 0-1

[Event "49th POL-ch"]
[Site "Czestochowa POL"]
[Date "1992.03.??"]
[Round "12"]
[White "Macieja, Bartlomiej"]
[Black "Kuczynski, Robert"]
[Result "1/2-1/2"]
[WhiteElo "2300"]
[BlackElo "2500"]
[EventDate "1992.03.05"]
[PlyCount "26"]

1.e4 e5 2.Nf3 Nc6 3.Bb5 Nge7 4.Nc3 g6 5.d4 exd4 6.Nd5 Bg7 7.Bg5 h6 8.Bf6 
Bxf6 9.Nxf6+ Kf8 10.Nxd4 Kg7 11.Qd2 Ng8 12.Nxg8 Rxg8 13.O-O-O Qf6 1/2-1/2

[Event "49th POL-ch"]
[Site "Czestochowa POL"]
[Date "1992.03.??"]
[Round "12"]
[White "Matlak, Marek"]
[Black "Gdanski, Jacek"]
[Result "1/2-1/2"]
[WhiteElo "2440"]
[BlackElo "2435"]
[EventDate "1992.03.05"]
[PlyCount "21"]

1.d4 Nf6 2.Nf3 c5 3.c3 e6 4.Bf4 Qb6 5.Qb3 Nc6 6.e3 Nd5 7.Qxb6 axb6 8.Bg3 
cxd4 9.Nxd4 Nxd4 10.exd4 f5 11.Bc4 1/2-1/2

[Event "49th POL-ch"]
[Site "Czestochowa POL"]
[Date "1992.03.??"]
[Round "12"]
[White "Seifert, Henryk"]
[Black "Przewoznik, Jan"]
[Result "0-1"]
[WhiteElo "2330"]
[BlackElo "2415"]
[EventDate "1992.03.05"]
[PlyCount "78"]

1.e4 e5 2.Nf3 Nc6 3.Nc3 Nf6 4.Bb5 Bb4 5.O-O O-O 6.d3 d6 7.Bg5 Bxc3 8.bxc3 
Bd7 9.Bxc6 Bxc6 10.Nd2 h6 11.Bh4 Bd7 12.d4 Qe7 13.Rb1 b6 14.Re1 Qe6 15.Nf1
g5 16.Bg3 Rfe8 17.h4 Kg7 18.Nh2 g4 19.Rb3 Nh5 20.Nf1 Rad8 21.d5 Qg6 22.Ne3
Qxe4 23.Rb4 Qg6 24.Nxg4 f5 25.Nxe5 dxe5 26.Bxe5+ Kh7 27.Bxc7 Rxe1+ 28.Qxe1
Rg8 29.g3 Re8 30.Qd2 Nf6 31.Bf4 Ne4 32.Qd4 Qg4 33.Rc4 Nc5 34.Be3 Re4 35.
Qf6 Rxc4 36.Qxh6+ Kg8 37.Bg5 Be8 38.d6 Qh5 39.d7 Nxd7 0-1

[Event "49th POL-ch"]
[Site "Czestochowa POL"]
[Date "1992.03.??"]
[Round "12"]
[White "Sznapik, Aleksander"]
[Black "Urban, Klaudiusz"]
[Result "1/2-1/2"]
[WhiteElo "2460"]
[BlackElo "2465"]
[EventDate "1992.03.05"]
[PlyCount "68"]

1.e4 c6 2.d4 d5 3.Nc3 dxe4 4.Nxe4 Bf5 5.Ng3 Bg6 6.Nf3 Nd7 7.h4 h6 8.h5 Bh7
9.Bd3 Bxd3 10.Qxd3 Qc7 11.Bd2 e6 12.O-O-O Ngf6 13.Ne4 O-O-O 14.g3 Nc5 15.
Nxc5 Bxc5 16.c4 Bd6 17.Bc3 Kb8 18.Qe2 Ka8 19.Kb1 Qe7 20.Ne5 Nd7 21.Qg4 f5 
22.Qh4 Qxh4 23.gxh4 Nxe5 24.dxe5 Bc5 25.Rdg1 Rd7 26.Rg6 Re8 27.Rh2 b5 28.
cxb5 cxb5 29.a3 Kb7 30.Rhg2 Ree7 31.Kc2 Kc6 32.f3 Kb6 33.Re2 Kc6 34.Reg2 
Kb6 1/2-1/2

[Event "49th POL-ch"]
[Site "Czestochowa POL"]
[Date "1992.03.??"]
[Round "13"]
[White "Gdanski, Jacek"]
[Black "Schmidt, Wlodzimierz"]
[Result "1/2-1/2"]
[WhiteElo "2435"]
[BlackElo "2465"]
[EventDate "1992.03.05"]
[PlyCount "31"]

1.e4 e6 2.d4 d5 3.Nc3 Nf6 4.e5 Nfd7 5.Nce2 c5 6.c3 Nc6 7.f4 b5 8.Nf3 b4 9.
cxb4 Nxb4 10.a3 Nc6 11.dxc5 Bxc5 12.b4 Bb6 13.Ng3 f6 14.Bb2 fxe5 15.fxe5 
Bb7 16.Bd3 1/2-1/2

[Event "49th POL-ch"]
[Site "Czestochowa POL"]
[Date "1992.03.??"]
[Round "13"]
[White "Maciejewski, Andrzej"]
[Black "Macieja, Bartlomiej"]
[Result "1-0"]
[WhiteElo "2350"]
[BlackElo "2300"]
[EventDate "1992.03.05"]
[PlyCount "109"]

1.g3 e5 2.Bg2 d5 3.d3 Nc6 4.Nf3 Nf6 5.O-O h6 6.c3 a5 7.a4 Be6 8.Qc2 Bc5 9.
Nxe5 Nxe5 10.d4 Bxd4 11.cxd4 Nc6 12.Qd1 Qd7 13.Nc3 Bh3 14.Nb5 Bxg2 15.Kxg2
Na7 16.Nxa7 Rxa7 17.Bf4 O-O 18.Qd3 Nh5 19.Bd2 f5 20.b4 axb4 21.Bxb4 Rf7 
22.a5 f4 23.Bd2 Qd6 24.Rab1 c6 25.Rb3 Ra8 26.Bb4 Qe6 27.Qf3 Qg6 28.Qd3 Qe6
29.Qf3 g6 30.Qd3 Re8 31.Bd2 Kh7 32.Re1 Ref8 33.gxf4 Rxf4 34.Rxb7+ Kh8 35.
f3 Rh4 36.Rg1 Qd6 37.Kf1 Rg8 38.Qe3 Ng7 39.Qe5 Qxe5 40.dxe5 Nf5 41.a6 Ra4 
42.a7 g5 43.Kf2 Rg7 44.Rb8+ Rg8 45.e4 dxe4 46.fxe4 Nd4 47.Bxg5 Ra2+ 48.Ke3
Nc2+ 49.Kf4 Kh7 50.Rb7+ Rg7 51.Rxg7+ Kxg7 52.Bf6+ Kf8 53.Rg7 Nd4 54.Rb7 
Ne6+ 55.Ke3 1-0

[Event "49th POL-ch"]
[Site "Czestochowa POL"]
[Date "1992.03.??"]
[Round "13"]
[White "Urban, Klaudiusz"]
[Black "Matlak, Marek"]
[Result "1/2-1/2"]
[WhiteElo "2465"]
[BlackElo "2440"]
[EventDate "1992.03.05"]
[PlyCount "43"]

1.c4 e6 2.g3 d5 3.Bg2 g6 4.Nf3 Bg7 5.O-O Ne7 6.d4 Nbc6 7.e3 O-O 8.Qe2 b6 
9.cxd5 exd5 10.Rd1 a5 11.a3 a4 12.Bd2 Ba6 13.Qe1 Nf5 14.Rc1 Nce7 15.Nc3 
Bc4 16.Ne2 Re8 17.Bc3 Nd6 18.Nd2 Ba6 19.Nf4 c6 20.Qd1 Bb5 21.Bb4 Nc4 22.
Nxc4 1/2-1/2

[Event "49th POL-ch"]
[Site "Czestochowa POL"]
[Date "1992.03.??"]
[Round "14"]
[White "Czerwonski, Aleksander"]
[Black "Panczyk, Krzysztof"]
[Result "1/2-1/2"]
[WhiteElo "2370"]
[BlackElo "2425"]
[EventDate "1992.03.05"]
[PlyCount "23"]

1.d4 Nf6 2.c4 e6 3.Nf3 c5 4.d5 exd5 5.cxd5 d6 6.Nc3 g6 7.Bg5 Bg7 8.Nd2 h6 
9.Bh4 g5 10.Bg3 Nh5 11.Qa4+ Kf8 12.Qc2 1/2-1/2

[Event "49th POL-ch"]
[Site "Czestochowa POL"]
[Date "1992.03.??"]
[Round "14"]
[White "Matlak, Marek"]
[Black "Kuczynski, Robert"]
[Result "1/2-1/2"]
[WhiteElo "2440"]
[BlackElo "2500"]
[EventDate "1992.03.05"]
[PlyCount "29"]

1.d4 Nf6 2.Nf3 c5 3.c3 cxd4 4.cxd4 d5 5.Nc3 Nc6 6.Bf4 e6 7.e3 Nh5 8.Bg5 
Qb6 9.a3 h6 10.Bh4 g5 11.Bg3 Nxg3 12.hxg3 Bg7 13.Bd3 Kf8 14.b4 a6 15.Rc1 
1/2-1/2

[Event "49th POL-ch"]
[Site "Czestochowa POL"]
[Date "1992.03.??"]
[Round "14"]
[White "Przewoznik, Jan"]
[Black "Jasnikowski, Zbigniew"]
[Result "0-1"]
[WhiteElo "2415"]
[BlackElo "2450"]
[EventDate "1992.03.05"]
[PlyCount "71"]

1.d4 Nf6 2.c4 g6 3.Nc3 d5 4.cxd5 Nxd5 5.e4 Nxc3 6.bxc3 Bg7 7.Bc4 c5 8.Ne2 
O-O 9.Be3 Nc6 10.Rc1 Na5 11.Bd3 b6 12.O-O Qc7 13.Nf4 e6 14.Qf3 Nc6 15.Qg3 
Bb7 16.dxc5 Ne5 17.cxb6 axb6 18.Bb1 Nc4 19.Bd4 e5 20.Nd5 Bxd5 21.exd5 Qd6 
22.Be3 Qxd5 23.Rfd1 Qc6 24.h4 Ra4 25.h5 Nxe3 26.Qxe3 Bf6 27.hxg6 hxg6 28.
c4 Rxc4 29.Rxc4 Qxc4 30.Qxb6 Qe2 31.Rd7 Qe1+ 32.Kh2 Kg7 33.Kg3 e4 34.Kf4 
e3 35.fxe3 Qf2+ 36.Ke4 0-1

[Event "49th POL-ch"]
[Site "Czestochowa POL"]
[Date "1992.03.??"]
[Round "14"]
[White "Seifert, Henryk"]
[Black "Pedzich, Dominik"]
[Result "0-1"]
[WhiteElo "2330"]
[BlackElo "2385"]
[EventDate "1992.03.05"]
[PlyCount "79"]

1.e4 c5 2.Nf3 e6 3.c3 d5 4.exd5 Qxd5 5.d4 Nf6 6.Be2 Be7 7.Na3 O-O 8.Nb5 
Na6 9.c4 Qd8 10.O-O Bd7 11.Nc3 Qc7 12.Bg5 Rad8 13.Qc1 cxd4 14.Nxd4 Nb4 15.
Re1 Bc8 16.Ndb5 Qc5 17.a3 Nd3 18.Bxd3 Rxd3 19.Na4 Qf5 20.Nxa7 Bd7 21.Nb5 
Ng4 22.Be3 Rxe3 23.fxe3 Qf2+ 24.Kh1 Qh4 25.h3 Bc6 26.e4 Bg5 27.Qc2 Be3 28.
Rxe3 Nxe3 29.Qe2 Qxe4 30.Nac3 Qf4 31.Kg1 Nxg2 32.Qf2 Qg5 33.Kh2 Nh4 34.Nd4
Qe5+ 35.Kg1 Qxd4 36.Qxd4 Nf3+ 37.Kf2 Nxd4 38.Rd1 Nb3 39.Ne2 Rc8 40.Rd3 0-1

[Event "49th POL-ch"]
[Site "Czestochowa POL"]
[Date "1992.03.??"]
[Round "14"]
[White "Sznapik, Aleksander"]
[Black "Maciejewski, Andrzej"]
[Result "1-0"]
[WhiteElo "2460"]
[BlackElo "2350"]
[EventDate "1992.03.05"]
[PlyCount "71"]

1.e4 g6 2.d4 c6 3.Nc3 Bg7 4.Nf3 b5 5.h3 d6 6.Bd3 Nf6 7.O-O O-O 8.Bg5 b4 9.
Ne2 a5 10.Qd2 e5 11.dxe5 dxe5 12.a3 Ba6 13.Bxf6 Bxf6 14.axb4 axb4 15.Qxb4 
Bxd3 16.cxd3 Rxa1 17.Rxa1 Qxd3 18.Nc3 Kg7 19.Qb7 Qd6 20.Qb6 Qe6 21.Rd1 Re8
22.Qa7 Qb3 23.Rd2 Qb4 24.Qc7 Re7 25.Qc8 Qb7 26.Rd8 Qxc8 27.Rxc8 Rb7 28.Nd1
Rb4 29.Ne3 Rxb2 30.Nc4 Rb1+ 31.Kh2 Nd7 32.Nd6 Rd1 33.Ne8+ Kh6 34.g4 g5 35.
Rxc6 Kg6 36.Nxe5+ 1-0

[Event "49th POL-ch"]
[Site "Czestochowa POL"]
[Date "1992.03.??"]
[Round "15"]
[White "Kuczynski, Robert"]
[Black "Schmidt, Wlodzimierz"]
[Result "1-0"]
[WhiteElo "2500"]
[BlackElo "2465"]
[EventDate "1992.03.05"]
[PlyCount "125"]

1.e4 e6 2.d4 d5 3.Nc3 Nf6 4.e5 Nfd7 5.f4 c5 6.Nf3 Nc6 7.Be3 a6 8.Qd2 b5 9.
dxc5 Bxc5 10.Bxc5 Nxc5 11.Qf2 Qb6 12.Bd3 Rb8 13.O-O Na4 14.Nxa4 bxa4 15.b3
Bd7 16.bxa4 Ke7 17.Rab1 Qxf2+ 18.Kxf2 a5 19.c3 Na7 20.Ke3 Bxa4 21.Nd4 Bd7 
22.Rb3 Rhc8 23.Rfb1 Rxb3 24.Rxb3 Rc7 25.Kd2 h5 26.g3 g6 27.Rb6 Nc8 28.Ra6 
a4 29.Ra8 Nb6 30.Rb8 Nc4+ 31.Bxc4 Rxc4 32.Rb7 h4 33.g4 h3 34.Kd3 Rc8 35.a3
Ke8 36.Nc2 Bc6 37.Rb6 Bd7 38.Ne3 Ke7 39.Rb7 Kd8 40.Kd4 Ke7 41.c4 Kd8 42.c5
Bc6 43.Rb6 Kc7 44.Nc2 Bb7 45.Kc3 Bc6 46.Kd4 Bb7 47.Ke3 Kb8 48.Rb5 Kc7 49.
Nd4 Bc6 50.Rb6 Be8 51.Kd3 Ra8 52.Nf3 Bc6 53.Ng5 Rf8 54.Kd4 Rh8 55.Rb1 Ra8 
56.Nf3 Ra5 57.Rb2 Ra8 58.Ng5 Rh8 59.Rb1 Rh4 60.Rg1 Rh8 61.Rg3 Rb8 62.Rxh3 
Rb1 63.Rh7 1-0

[Event "49th POL-ch"]
[Site "Czestochowa POL"]
[Date "1992.03.??"]
[Round "15"]
[White "Maciejewski, Andrzej"]
[Black "Matlak, Marek"]
[Result "1/2-1/2"]
[WhiteElo "2350"]
[BlackElo "2440"]
[EventDate "1992.03.05"]
[PlyCount "25"]

1.e4 e6 2.d4 d5 3.e5 c5 4.c3 Nc6 5.Nf3 cxd4 6.cxd4 Nge7 7.h4 Qb6 8.Nc3 Nf5
9.Bb5 Bb4 10.O-O Bd7 11.Bxc6 Bxc6 12.a3 Be7 13.b4 1/2-1/2

[Event "49th POL-ch"]
[Site "Czestochowa POL"]
[Date "1992.03.??"]
[Round "15"]
[White "Panczyk, Krzysztof"]
[Black "Seifert, Henryk"]
[Result "1-0"]
[WhiteElo "2425"]
[BlackElo "2330"]
[EventDate "1992.03.05"]
[PlyCount "87"]

1.d4 d5 2.c4 c6 3.Nf3 e6 4.Qc2 Nf6 5.Bg5 Nbd7 6.e3 Qa5+ 7.Nc3 Ne4 8.cxd5 
exd5 9.Bd3 Ndf6 10.Bxf6 Nxf6 11.O-O Bd6 12.e4 dxe4 13.Nxe4 Nxe4 14.Bxe4 
Be6 15.Rfd1 Rd8 16.Re1 g6 17.h4 Qh5 18.Qa4 O-O 19.Qxa7 Qb5 20.a4 Qb4 21.a5
Ra8 22.Qb6 Ra6 23.Qxb4 Bxb4 24.Reb1 Bb3 25.Ne5 Re8 26.Bf3 Rxa5 27.Rxa5 
Bxa5 28.Nd7 Re7 29.Nc5 Bc4 30.b3 Bb5 31.b4 Bd8 32.Ra1 Kg7 33.Ra8 Bc7 34.g3
Re1+ 35.Kg2 b6 36.Ne4 Rb1 37.Ra7 Bf1+ 38.Kh2 Bd8 39.Nd6 Rxb4 40.Nxf7 Bf6 
41.Ng5+ Kg8 42.d5 c5 43.d6 Bc4 44.Ne4 1-0

[Event "49th POL-ch"]
[Site "Czestochowa POL"]
[Date "1992.03.??"]
[Round "15"]
[White "Pedzich, Dominik"]
[Black "Przewoznik, Jan"]
[Result "1/2-1/2"]
[WhiteElo "2385"]
[BlackElo "2415"]
[EventDate "1992.03.05"]
[PlyCount "29"]

1.e4 Nc6 2.Nf3 d6 3.d4 Nf6 4.Nc3 Bg4 5.Bb5 a6 6.Bxc6+ bxc6 7.h3 Bh5 8.Qd3 
e6 9.Bg5 Be7 10.O-O O-O 11.Rfe1 Nd7 12.Bxe7 Qxe7 13.Re3 c5 14.b3 a5 15.Qd2
1/2-1/2

[Event "49th POL-ch"]
[Site "Czestochowa POL"]
[Date "1992.03.??"]
[Round "15"]
[White "Urban, Klaudiusz"]
[Black "Wojtkiewicz, Aleksander"]
[Result "0-1"]
[WhiteElo "2465"]
[BlackElo "2495"]
[EventDate "1992.03.05"]
[PlyCount "62"]

1.d4 Nf6 2.c4 g6 3.Nc3 Bg7 4.e4 d6 5.Be2 O-O 6.Nf3 e5 7.O-O Nc6 8.d5 Ne7 
9.Nd2 a5 10.Rb1 Nd7 11.a3 f5 12.b4 Kh8 13.f3 Ng8 14.c5 axb4 15.axb4 dxc5 
16.bxc5 Nxc5 17.Nc4 fxe4 18.fxe4 Rxf1+ 19.Bxf1 Nf6 20.Qc2 Nfxe4 21.Nxe5 
Bxe5 22.Nxe4 Qh4 23.Ng3 Bf5 24.Nxf5 Qxh2+ 25.Kf2 Rf8 26.Qxc5 Rxf5+ 27.Ke2 
Qh5+ 28.Kd2 Rxf1 29.Bb2 Qg5+ 30.Kd3 Qf5+ 31.Kd2 Rf2+ 0-1